Fantasy Quiz zu welchem Franchise gehört der Charakter? - Statistiken

Allgemein
  • Dieses Quiz wurde 49 mal gespielt
  • Das Durchschnittsergebnis liegt bei 10 aus 15
Antwortstatistiken
Frage Antwort % Korrekt
Dumbledore Harry Potter
100%
Nagini Harry Potter
93%
Dorothy gale Der Zaubere Ozz
87%
Appa Avatar-Herr der Elemente
78%
Geralt von Rivia The witcher
78%
Kahl Drogo Das Lied von eis und Feuer/Game of
73%
Murtagh Eragon
71%
Grover Underwood Percy Jackson
71%
Susan Pevensie Chroniken von Narnia
69%
Peter Baelish Das Lied von eis und Feuer/Game of
67%
Toph beifong Avatar-Herr der Elemente
64%
Brom Eragon
64%
Kankra Herr der Ringe/Tolkiens Legendarium
62%
Manwe Herr der ringe/Tolkiens Legendarium
38%
Cirdan Herr der Ringe
22%
Keine übereinstimmenden Quizze gefunden
Verteilung der Resultate
Anzahl Personen mit jedem Resultat
Perzentil nach korrekt beantworteten Fragen
Ihre Resultats-Entwicklung
Sie haben dieses Quiz noch nicht gespielt